[Event "Irena Warakomska Memorial A"]
[Site "Suwalki"]
[Date "2020.08.09"]
[Round "5"]
[White "Rasti, Arvin"]
[Black "Malaczek, Mateusz"]
[Result "1/2-1/2"]
[Board "5"]
[WhiteElo "2269"]
[WhiteCountry "SWE"]
[WhiteFideId "1741160"]
[WhiteEloChange "-6"]
[BlackElo "2036"]
[BlackCountry "POL"]
[BlackFideId "1170880"]
[BlackEloChange "6"]

1. d4 {[%clk 1:30:55]} g6 {[%clk 1:30:53]} 2. e4 {[%clk 1:30:27]} Bg7 {[%clk
1:31:15]} 3. Nc3 {[%clk 1:30:44]} d6 {[%clk 1:31:36]} 4. Be3 {[%clk 1:30:52]} a6
{[%clk 1:31:55]} 5. h4 {[%clk 1:30:53]} Nf6 {[%clk 1:32:01]} 6. f3 {[%clk
1:31:08]} b5 {[%clk 1:31:07]} 7. Qd2 {[%clk 1:31:05]} h6 {[%clk 1:29:06]} 8. Nh3
{[%clk 1:30:52]} Nbd7 {[%clk 1:29:04]} 9. O-O-O {[%clk 1:30:08]} Nb6 {[%clk
1:28:55]} 10. g4 {[%clk 1:28:10]} b4 {[%clk 1:28:49]} 11. Nb1 {[%clk 1:27:59]} a5
{[%clk 1:25:09]} 12. g5 {[%clk 1:19:25]} hxg5 {[%clk 1:15:32]} 13. hxg5 {[%clk
1:18:59]} Nfd7 {[%clk 1:14:52]} 14. Bb5 {[%clk 1:13:24]} Bb7 {[%clk 1:13:37]} 15.
Nf2 {[%clk 1:10:59]} Rg8 {[%clk 1:02:27]} 16. d5 {[%clk 1:06:32]} c5 {[%clk
1:01:01]} 17. Qe2 {[%clk 0:57:49]} Qc8 {[%clk 0:53:39]} 18. Ng4 {[%clk 0:51:28]}
Ba6 {[%clk 0:46:32]} 19. Rh7 {[%clk 0:48:43]} Bxb5 {[%clk 0:40:37]} 20. Qxb5
{[%clk 0:49:09]} Qa6 {[%clk 0:40:56]} 21. Qxa6 {[%clk 0:48:41]} Rxa6 {[%clk
0:41:18]} 22. c3 {[%clk 0:40:50]} bxc3 {[%clk 0:24:01]} 23. Nxc3 {[%clk 0:41:06]}
Nc4 {[%clk 0:23:59]} 24. Kc2 {[%clk 0:37:38]} Nde5 {[%clk 0:18:02]} 25. Bc1
{[%clk 0:37:27]} Nxg4 {[%clk 0:18:10]} 26. fxg4 {[%clk 0:37:56]} Ne5 {[%clk
0:17:23]} 27. Nb5 {[%clk 0:37:22]} Kf8 {[%clk 0:13:17]} 28. Rf1 {[%clk 0:36:04]}
Rh8 {[%clk 0:12:33]} 29. Rxh8+ {[%clk 0:35:39]} Bxh8 {[%clk 0:12:59]} 30. Rg1
{[%clk 0:35:06]} Nf3 {[%clk 0:10:41]} 31. Rh1 {[%clk 0:34:51]} Nd4+ {[%clk
0:10:40]} 32. Kd3 {[%clk 0:30:23]} Bg7 {[%clk 0:09:26]} 33. a4 {[%clk 0:26:07]}
Nf3 {[%clk 0:04:48]} 34. Bf4 {[%clk 0:24:12]} 1/2-1/2

[Event "Irena Warakomska Memorial A"]
[Site "Suwalki"]
[Date "2020.08.09"]
[Round "5"]
[White "Korbal, Arkadiusz"]
[Black "Rosol, Alexander"]
[Result "1/2-1/2"]
[Board "12"]
[WhiteElo "2088"]
[WhiteCountry "POL"]
[WhiteFideId "1133837"]
[WhiteEloChange "-4"]
[BlackElo "1923"]
[BlackCountry "AUT"]
[BlackFideId "1645730"]
[BlackEloChange "4"]

1. d4 {[%clk 1:30:55]} Nf6 {[%clk 1:30:47]} 2. c4 {[%clk 1:31:07]} g6 {[%clk
1:31:04]} 3. Nc3 {[%clk 1:31:28]} Bg7 {[%clk 1:31:21]} 4. e4 {[%clk 1:31:30]} d6
{[%clk 1:31:36]} 5. Be2 {[%clk 1:31:17]} O-O {[%clk 1:31:17]} 6. Be3 {[%clk
1:31:09]} a6 {[%clk 1:30:47]} 7. g4 {[%clk 1:24:27]} c5 {[%clk 1:28:36]} 8. d5
{[%clk 1:23:46]} b5 {[%clk 1:23:55]} 9. g5 {[%clk 1:23:06]} Nfd7 {[%clk 1:20:13]}
10. cxb5 {[%clk 1:20:25]} axb5 {[%clk 1:20:08]} 11. Bxb5 {[%clk 0:56:53]} Qa5
{[%clk 1:16:04]} 12. Ne2 {[%clk 0:57:03]} Ba6 {[%clk 1:09:06]} 13. Bxa6 {[%clk
0:56:13]} Nxa6 {[%clk 1:09:11]} 14. f4 {[%clk 0:52:01]} Rfb8 {[%clk 1:05:28]} 15.
Rb1 {[%clk 0:50:57]} Nb4 {[%clk 0:55:05]} 16. a3 {[%clk 0:38:34]} Bxc3+ {[%clk
0:30:55]} 17. Nxc3 {[%clk 0:36:22]} Na2 {[%clk 0:31:09]} 18. Bd2 {[%clk 0:35:54]}
Nxc3 {[%clk 0:31:02]} 19. Bxc3 {[%clk 0:36:01]} Qb5 {[%clk 0:29:19]} 20. Qe2
{[%clk 0:33:57]} Rxa3 {[%clk 0:27:07]} 21. Qxb5 {[%clk 0:34:15]} Rxb5 {[%clk
0:27:30]} 22. Kd2 {[%clk 0:33:43]} Ra4 {[%clk 0:25:46]} 23. Rhe1 {[%clk 0:31:38]}
Rb7 {[%clk 0:22:39]} 24. Ra1 {[%clk 0:30:57]} Rba7 {[%clk 0:22:44]} 25. Rxa4
{[%clk 0:31:14]} Rxa4 {[%clk 0:23:12]} 26. Kd3 {[%clk 0:30:06]} Kf8 {[%clk
0:17:56]} 27. h4 {[%clk 0:29:56]} Nb6 {[%clk 0:09:50]} 28. h5 {[%clk 0:29:02]}
Ra2 {[%clk 0:06:05]} 29. h6 {[%clk 0:24:37]} Ke8 {[%clk 0:04:11]} 30. Rb1 {[%clk
0:23:18]} Na4 {[%clk 0:02:32]} 31. Bg7 {[%clk 0:23:20]} Kd7 {[%clk 0:02:04]} 32.
f5 {[%clk 0:18:47]} Kd8 {[%clk 0:01:07]} 33. fxg6 {[%clk 0:18:51]} fxg6 {[%clk
0:01:36]} 34. Kc4 {[%clk 0:18:50]} Nb6+ {[%clk 0:01:44]} 35. Kb5 {[%clk 0:17:43]}
Nd7 {[%clk 0:02:13]} 36. Rf1 {[%clk 0:16:12]} Ra8 {[%clk 0:01:58]} 37. Bc3 {[%clk
0:15:31]} Rb8+ {[%clk 0:02:14]} 38. Kc4 {[%clk 0:14:48]} Ke8 {[%clk 0:02:12]} 39.
Ra1 {[%clk 0:14:25]} Nb6+ {[%clk 0:02:30]} 40. Kd3 {[%clk 0:44:30]} Ra8 {[%clk
0:31:40]} 41. Rxa8+ {[%clk 0:24:42]} Nxa8 {[%clk 0:32:03]} 42. Ba5 {[%clk
0:25:08]} Kd7 {[%clk 0:31:56]} 43. Kc4 {[%clk 0:25:01]} Nc7 {[%clk 0:31:17]} 44.
Bxc7 {[%clk 0:24:56]} Kxc7 {[%clk 0:31:46]} 45. Kb5 {[%clk 0:25:19]} Kb7 {[%clk
0:31:55]} 46. b3 {[%clk 0:25:44]} Kc7 {[%clk 0:31:22]} 47. Ka6 {[%clk 0:26:05]}
Kc8 {[%clk 0:28:42]} 48. Kb6 {[%clk 0:26:26]} Kb8 {[%clk 0:27:32]} 49. Kc6 {[%clk
0:26:13]} Kc8 {[%clk 0:28:01]} 50. e5 {[%clk 0:26:21]} dxe5 {[%clk 0:27:34]} 51.
Kxc5 {[%clk 0:26:46]} Kc7 {[%clk 0:27:40]} 52. Kc4 {[%clk 0:26:43]} Kd6 {[%clk
0:27:11]} 53. b4 {[%clk 0:27:07]} e4 {[%clk 0:27:23]} 54. Kd4 {[%clk 0:27:15]} e3
{[%clk 0:27:43]} 55. Kxe3 {[%clk 0:27:40]} Kxd5 {[%clk 0:28:09]} 56. Kf4 {[%clk
0:25:16]} e5+ {[%clk 0:27:47]} 57. Ke3 {[%clk 0:25:38]} Kc4 {[%clk 0:28:12]} 58.
Ke4 {[%clk 0:25:59]} Kxb4 {[%clk 0:28:36]} 59. Kxe5 {[%clk 0:26:22]} Kc5 {[%clk
0:29:01]} 60. Kf6 {[%clk 0:25:46]} Kd6 {[%clk 0:29:26]} 1/2-1/2

[Event "Irena Warakomska Memorial A"]
[Site "Suwalki"]
[Date "2020.08.09"]
[Round "5"]
[White "Chojnowski, Marcin"]
[Black "Backiel, Hubert"]
[Result "0-1"]
[Board "13"]
[WhiteElo "2035"]
[WhiteCountry "POL"]
[WhiteFideId "1121456"]
[WhiteEloChange "-13"]
[BlackElo "1943"]
[BlackCountry "POL"]
[BlackFideId "21838631"]
[BlackEloChange "13"]

1. e4 {[%clk 1:30:55]} c5 {[%clk 1:30:57]} 2. Nf3 {[%clk 1:31:13]} e6 {[%clk
1:31:21]} 3. d4 {[%clk 1:30:44]} cxd4 {[%clk 1:31:45]} 4. Nxd4 {[%clk 1:31:10]}
Nf6 {[%clk 1:32:07]} 5. Bd3 {[%clk 1:31:03]} Nc6 {[%clk 1:31:43]} 6. Nxc6 {[%clk
1:31:21]} bxc6 {[%clk 1:32:07]} 7. O-O {[%clk 1:31:34]} d5 {[%clk 1:31:07]} 8.
Nc3 {[%clk 1:31:22]} Be7 {[%clk 1:30:40]} 9. Re1 {[%clk 1:27:51]} a5 {[%clk
1:28:52]} 10. Bg5 {[%clk 1:24:26]} Ba6 {[%clk 1:24:46]} 11. exd5 {[%clk 1:21:54]}
cxd5 {[%clk 1:23:36]} 12. Bxf6 {[%clk 1:19:55]} Bxf6 {[%clk 1:16:31]} 13. Bxa6
{[%clk 1:19:36]} Rxa6 {[%clk 1:16:59]} 14. Nxd5 {[%clk 1:19:40]} Bxb2 {[%clk
1:16:38]} 15. Rb1 {[%clk 1:07:14]} Rd6 {[%clk 1:13:54]} 16. c4 {[%clk 1:05:21]}
O-O {[%clk 1:07:01]} 17. Rxb2 {[%clk 1:05:09]} exd5 {[%clk 1:07:11]} 18. c5
{[%clk 1:05:31]} Rh6 {[%clk 1:05:45]} 19. Qd4 {[%clk 1:02:14]} Rh4 {[%clk
0:46:00]} 20. f4 {[%clk 1:00:12]} Rxh2 {[%clk 0:42:36]} 21. Qf2 {[%clk 0:47:29]}
Rh6 {[%clk 0:34:32]} 22. Rb6 {[%clk 0:47:27]} Rxb6 {[%clk 0:23:48]} 23. cxb6
{[%clk 0:47:57]} d4 {[%clk 0:24:17]} 24. Qb2 {[%clk 0:38:52]} Qd6 {[%clk
0:23:36]} 25. Re4 {[%clk 0:22:57]} d3 {[%clk 0:14:42]} 26. Qd4 {[%clk 0:20:59]}
Qa3 {[%clk 0:14:37]} 27. Re1 {[%clk 0:19:24]} h6 {[%clk 0:12:53]} 28. Rd1 {[%clk
0:17:09]} Rb8 {[%clk 0:12:25]} 29. Rxd3 {[%clk 0:14:28]} Qxa2 {[%clk 0:12:25]}
30. Rg3 {[%clk 0:14:25]} Qb1+ {[%clk 0:09:55]} 31. Kh2 {[%clk 0:14:51]} g6 {[%clk
0:10:22]} 32. Qd5 {[%clk 0:10:04]} Qxb6 {[%clk 0:07:31]} 33. f5 {[%clk 0:10:25]}
g5 {[%clk 0:07:07]} 34. Rh3 {[%clk 0:09:30]} Rd8 {[%clk 0:06:51]} 0-1

[Event "Irena Warakomska Memorial A"]
[Site "Suwalki"]
[Date "2020.08.10"]
[Round "6"]
[White "Deruelle Sala, Albert"]
[Black "Wolanski, Michal"]
[Result "1-0"]
[Board "10"]
[WhiteElo "2086"]
[WhiteCountry "ESP"]
[WhiteFideId "2261995"]
[WhiteEloChange "7"]
[BlackElo "1984"]
[BlackCountry "POL"]
[BlackFideId "1137778"]
[BlackEloChange "-7"]

1. d4 {[%clk 1:30:55]} Nf6 {[%clk 1:30:56]} 2. c4 {[%clk 1:31:16]} e6 {[%clk
1:31:21]} 3. Nc3 {[%clk 1:31:33]} Bb4 {[%clk 1:31:45]} 4. e3 {[%clk 1:31:06]} c5
{[%clk 1:31:35]} 5. Ne2 {[%clk 1:30:53]} cxd4 {[%clk 1:31:14]} 6. exd4 {[%clk
1:31:13]} b6 {[%clk 1:31:12]} 7. a3 {[%clk 1:28:38]} Be7 {[%clk 1:30:23]} 8. g3
{[%clk 1:28:39]} Bb7 {[%clk 1:30:29]} 9. d5 {[%clk 1:29:02]} O-O {[%clk 1:27:26]}
10. Bg2 {[%clk 1:29:16]} e5 {[%clk 1:25:00]} 11. O-O {[%clk 1:28:21]} d6 {[%clk
1:25:12]} 12. h3 {[%clk 1:26:58]} Nbd7 {[%clk 1:22:26]} 13. g4 {[%clk 1:26:15]}
Rc8 {[%clk 1:19:18]} 14. b3 {[%clk 1:26:20]} Nc5 {[%clk 1:14:00]} 15. Ng3 {[%clk
1:24:13]} g6 {[%clk 1:10:46]} 16. Bh6 {[%clk 1:22:10]} Re8 {[%clk 1:11:08]} 17.
h4 {[%clk 1:21:36]} Bf8 {[%clk 1:10:18]} 18. Bxf8 {[%clk 1:20:23]} Rxf8 {[%clk
1:10:28]} 19. Bh3 {[%clk 1:17:37]} Ra8 {[%clk 1:05:52]} 20. b4 {[%clk 1:17:26]}
Na6 {[%clk 1:03:49]} 21. g5 {[%clk 1:17:21]} Ne8 {[%clk 1:03:24]} 22. f4 {[%clk
1:16:33]} Bc8 {[%clk 0:56:52]} 23. f5 {[%clk 1:15:45]} f6 {[%clk 0:54:08]} 24.
Nce4 {[%clk 1:15:14]} Rb8 {[%clk 0:46:07]} 25. Kh2 {[%clk 1:10:41]} Rb7 {[%clk
0:44:50]} 26. Qd2 {[%clk 1:06:38]} Rg7 {[%clk 0:32:45]} 27. Rf2 {[%clk 1:04:23]}
Nac7 {[%clk 0:30:20]} 28. Raf1 {[%clk 1:01:46]} fxg5 {[%clk 0:21:14]} 29. fxg6
{[%clk 0:59:56]} Rxf2+ {[%clk 0:19:00]} 30. Qxf2 {[%clk 1:00:02]} Kh8 {[%clk
0:17:14]} 31. Nxg5 {[%clk 0:59:53]} hxg6 {[%clk 0:16:05]} 32. Qf8+ {[%clk
1:00:10]} 1-0

[Event "Irena Warakomska Memorial A"]
[Site "Suwalki"]
[Date "2020.08.12"]
[Round "8"]
[White "Malaczek, Mateusz"]
[Black "Rudzinska, Michalina"]
[Result "1/2-1/2"]
[Board "7"]
[WhiteElo "2036"]
[WhiteCountry "POL"]
[WhiteFideId "1170880"]
[WhiteEloChange "3"]
[BlackElo "2162"]
[BlackTitle "WFM"]
[BlackCountry "POL"]
[BlackFideId "1172883"]
[BlackEloChange "-3"]

1. c4 {[%clk 1:30:57]} e5 {[%clk 1:30:51]} 2. g3 {[%clk 1:31:19]} Nc6 {[%clk
1:31:15]} 3. Bg2 {[%clk 1:31:41]} g6 {[%clk 1:31:37]} 4. Nc3 {[%clk 1:31:44]} Bg7
{[%clk 1:32:00]} 5. d3 {[%clk 1:31:58]} d6 {[%clk 1:32:22]} 6. Rb1 {[%clk
1:23:37]} a5 {[%clk 1:32:38]} 7. a3 {[%clk 1:23:24]} f5 {[%clk 1:32:37]} 8. Nf3
{[%clk 1:14:48]} Nf6 {[%clk 1:32:11]} 9. O-O {[%clk 1:15:08]} O-O {[%clk
1:32:29]} 10. b4 {[%clk 1:15:14]} axb4 {[%clk 1:32:48]} 11. axb4 {[%clk 1:15:37]}
Ne7 {[%clk 1:28:04]} 12. Qb3 {[%clk 1:12:59]} h6 {[%clk 1:26:39]} 13. c5+ {[%clk
1:02:21]} Kh7 {[%clk 1:26:16]} 14. cxd6 {[%clk 1:00:50]} cxd6 {[%clk 1:22:11]}
15. Bb2 {[%clk 0:57:57]} Bd7 {[%clk 1:15:39]} 16. Rfc1 {[%clk 0:43:35]} g5 {[%clk
1:07:39]} 17. b5 {[%clk 0:41:09]} Be8 {[%clk 1:04:31]} 18. Ra1 {[%clk 0:36:12]}
Rxa1 {[%clk 1:02:25]} 19. Rxa1 {[%clk 0:36:24]} Qb6 {[%clk 0:58:16]} 20. Qe6
{[%clk 0:18:50]} Ng6 {[%clk 0:50:40]} 21. Na4 {[%clk 0:14:54]} Qxb5 {[%clk
0:42:47]} 22. Qxd6 {[%clk 0:14:01]} Qb3 {[%clk 0:41:14]} 23. Nd2 {[%clk 0:13:02]}
Qc2 {[%clk 0:36:48]} 24. Qb4 {[%clk 0:13:12]} Rf7 {[%clk 0:29:38]} 25. Nb6 {[%clk
0:09:20]} Bf8 {[%clk 0:27:16]} 26. Qc3 {[%clk 0:09:37]} Qxc3 {[%clk 0:27:37]} 27.
Bxc3 {[%clk 0:10:04]} Bc5 {[%clk 0:27:12]} 28. Ndc4 {[%clk 0:09:30]} f4 {[%clk
0:24:36]} 29. Ra5 {[%clk 0:08:52]} fxg3 {[%clk 0:17:35]} 30. hxg3 {[%clk
0:06:41]} Bxf2+ {[%clk 0:17:18]} 31. Kxf2 {[%clk 0:07:05]} Ne4+ {[%clk 0:17:30]}
32. Ke1 {[%clk 0:07:24]} Nxc3 {[%clk 0:17:54]} 33. Nxe5 {[%clk 0:02:16]} Re7
{[%clk 0:17:25]} 34. d4 {[%clk 0:00:47]} Nxe5 {[%clk 0:15:43]} 35. dxe5 {[%clk
0:00:58]} Bc6 {[%clk 0:13:22]} 36. Bxc6 {[%clk 0:00:41]} bxc6 {[%clk 0:13:46]}
37. Rc5 {[%clk 0:00:34]} Ne4 {[%clk 0:13:52]} 38. Rxc6 {[%clk 0:01:01]} Rxe5
{[%clk 0:13:11]} 39. Rc7+ {[%clk 0:00:36]} Kg6 {[%clk 0:13:22]} 40. g4 {[%clk
0:30:51]} Re6 {[%clk 0:38:46]} 41. Nd5 {[%clk 0:27:26]} 1/2-1/2

[Event "Irena Warakomska Memorial A"]
[Site "Suwalki"]
[Date "2020.08.12"]
[Round "8"]
[White "Flis, Pawel"]
[Black "Marczukiewicz, Jerzy"]
[Result "1/2-1/2"]
[Board "16"]
[WhiteElo "1873"]
[WhiteCountry "POL"]
[WhiteFideId "1112864"]
[WhiteEloChange "1"]
[BlackElo "1912"]
[BlackCountry "POL"]
[BlackFideId "1108948"]
[BlackEloChange "-1"]

1. Nf3 {[%clk 1:30:42]} d5 {[%clk 1:30:41]} 2. g3 {[%clk 1:31:06]} Nf6 {[%clk
1:30:18]} 3. Bg2 {[%clk 1:31:33]} Bf5 {[%clk 1:29:39]} 4. c4 {[%clk 1:31:38]} e6
{[%clk 1:28:03]} 5. cxd5 {[%clk 1:29:19]} exd5 {[%clk 1:28:22]} 6. Qb3 {[%clk
1:28:16]} Nc6 {[%clk 1:28:34]} 7. O-O {[%clk 1:23:36]} a6 {[%clk 1:23:30]} 8. d3
{[%clk 1:21:05]} Bg6 {[%clk 1:11:12]} 9. Bf4 {[%clk 1:14:51]} Rb8 {[%clk
1:06:41]} 10. Nc3 {[%clk 1:05:36]} d4 {[%clk 0:59:09]} 11. Ne4 {[%clk 0:58:52]}
Be7 {[%clk 0:51:55]} 12. Nxf6+ {[%clk 0:50:02]} Bxf6 {[%clk 0:52:02]} 13. Rac1
{[%clk 0:50:15]} O-O {[%clk 0:51:37]} 14. Nd2 {[%clk 0:49:35]} Bg5 {[%clk
0:45:03]} 15. Bxg5 {[%clk 0:48:02]} Qxg5 {[%clk 0:45:20]} 16. Ne4 {[%clk
0:48:06]} Bxe4 {[%clk 0:40:24]} 17. Bxe4 {[%clk 0:48:28]} Rfd8 {[%clk 0:39:34]}
18. Qc4 {[%clk 0:39:01]} Rd6 {[%clk 0:37:14]} 19. Qc5 {[%clk 0:39:01]} Qd8 {[%clk
0:34:26]} 20. b4 {[%clk 0:36:47]} g6 {[%clk 0:25:16]} 21. a4 {[%clk 0:31:16]} Rc8
{[%clk 0:17:44]} 22. b5 {[%clk 0:28:30]} axb5 {[%clk 0:16:28]} 23. axb5 {[%clk
0:26:40]} Na5 {[%clk 0:16:30]} 24. Qb4 {[%clk 0:19:04]} b6 {[%clk 0:14:19]} 25.
Rc2 {[%clk 0:17:12]} c5 {[%clk 0:11:12]} 26. bxc6 {[%clk 0:16:49]} Nxc6 {[%clk
0:11:20]} 27. Rfc1 {[%clk 0:12:17]} Nxb4 {[%clk 0:09:20]} 28. Rxc8 {[%clk
0:12:42]} Qxc8 {[%clk 0:09:29]} 29. Rxc8+ {[%clk 0:13:07]} Kg7 {[%clk 0:09:50]}
30. Bb7 {[%clk 0:08:45]} h6 {[%clk 0:06:39]} 31. Kf1 {[%clk 0:08:25]} g5 {[%clk
0:06:30]} 32. Rc4 {[%clk 0:05:52]} Na2 {[%clk 0:06:02]} 33. Rc2 {[%clk 0:04:19]}
Nc3 {[%clk 0:05:49]} 34. e3 {[%clk 0:04:12]} Na4 {[%clk 0:05:48]} 35. Ba6 {[%clk
0:03:03]} Nc5 {[%clk 0:05:55]} 36. Bc4 {[%clk 0:03:11]} f5 {[%clk 0:04:51]} 37.
exd4 {[%clk 0:03:16]} Rxd4 {[%clk 0:05:08]} 38. Ke2 {[%clk 0:02:51]} f4 {[%clk
0:04:24]} 39. Ra2 {[%clk 0:03:11]} Kf6 {[%clk 0:04:06]} 40. Ra8 {[%clk 0:32:26]}
fxg3 {[%clk 0:33:49]} 41. fxg3 {[%clk 0:30:49]} Rd7 {[%clk 0:32:54]} 42. Rh8
{[%clk 0:28:43]} Re7+ {[%clk 0:32:25]} 43. Kf3 {[%clk 0:27:52]} Kg6 {[%clk
0:30:46]} 44. d4 {[%clk 0:26:19]} Ne6 {[%clk 0:28:58]} 45. Bd3+ {[%clk 0:22:35]}
Kg7 {[%clk 0:28:02]} 46. Rh7+ {[%clk 0:20:41]} Kf8 {[%clk 0:28:07]} 47. Rxh6
{[%clk 0:17:26]} Nxd4+ {[%clk 0:27:37]} 48. Kg4 {[%clk 0:17:44]} Re3 {[%clk
0:25:40]} 49. Ba6 {[%clk 0:12:44]} b5 {[%clk 0:23:40]} 50. Kxg5 {[%clk 0:12:38]}
b4 {[%clk 0:23:35]} 51. Kf4 {[%clk 0:12:10]} Ra3 {[%clk 0:22:53]} 52. Ke4 {[%clk
0:10:39]} Kg7 {[%clk 0:21:27]} 53. Rb6 {[%clk 0:09:56]} Nc2 {[%clk 0:20:48]} 54.
Bc4 {[%clk 0:08:12]} Re3+ {[%clk 0:19:30]} 55. Kf4 {[%clk 0:08:20]} Rc3 {[%clk
0:19:09]} 56. Bd5 {[%clk 0:07:19]} Ne3 {[%clk 0:16:56]} 57. Be6 {[%clk 0:07:21]}
Ng2+ {[%clk 0:16:25]} 58. Kg4 {[%clk 0:07:06]} Ne3+ {[%clk 0:16:01]} 59. Kh4
{[%clk 0:06:16]} Nf1 {[%clk 0:14:27]} 60. Rxb4 {[%clk 0:04:21]} Nxh2 {[%clk
0:14:10]} 61. Bd5 {[%clk 0:03:13]} Nf3+ {[%clk 0:13:43]} 62. Kg4 {[%clk 0:03:00]}
Ne5+ {[%clk 0:13:39]} 63. Kf5 {[%clk 0:02:47]} Rxg3 {[%clk 0:11:12]} 64. Rb7+
{[%clk 0:02:48]} Kh6 {[%clk 0:08:39]} 65. Kxe5 {[%clk 0:03:03]} Rg5+ {[%clk
0:08:22]} 66. Ke4 {[%clk 0:02:13]} Kg6 {[%clk 0:07:54]} 67. Rb6+ {[%clk 0:01:55]}
Kg7 {[%clk 0:07:57]} 68. Bb3 {[%clk 0:01:54]} Rg6 {[%clk 0:07:51]} 69. Be6 {[%clk
0:01:30]} Rg1 {[%clk 0:07:47]} 70. Bf5 {[%clk 0:01:34]} Re1+ {[%clk 0:07:44]} 71.
Kf4 {[%clk 0:01:57]} Kf7 {[%clk 0:07:42]} 72. Kg5 {[%clk 0:01:51]} Ke7 {[%clk
0:07:48]} 73. Ra6 {[%clk 0:01:59]} Re2 {[%clk 0:07:34]} 74. Bg4 {[%clk 0:02:01]}
Re1 {[%clk 0:07:20]} 75. Bf3 {[%clk 0:01:52]} Re5+ {[%clk 0:07:21]} 76. Kf4
{[%clk 0:02:20]} Rc5 {[%clk 0:07:02]} 77. Ra7+ {[%clk 0:02:17]} Kd6 {[%clk
0:07:17]} 78. Ra6+ {[%clk 0:02:03]} Kc7 {[%clk 0:07:08]} 79. Rh6 {[%clk 0:02:13]}
Rc1 {[%clk 0:07:02]} 80. Ke5 {[%clk 0:02:23]} Re1+ {[%clk 0:06:54]} 81. Be4
{[%clk 0:02:42]} Re2 {[%clk 0:06:45]} 82. Rh7+ {[%clk 0:02:57]} Kb6 {[%clk
0:06:38]} 83. Rh1 {[%clk 0:02:33]} Kc5 {[%clk 0:06:44]} 84. Rc1+ {[%clk 0:02:53]}
Kb4 {[%clk 0:06:57]} 85. Kd4 {[%clk 0:03:13]} Rh2 {[%clk 0:06:08]} 86. Rb1+
{[%clk 0:03:36]} Ka3 {[%clk 0:05:30]} 87. Kc3 {[%clk 0:03:23]} Ka4 {[%clk
0:04:19]} 88. Kc4 {[%clk 0:02:29]} Ka3 {[%clk 0:03:59]} 89. Bd3 {[%clk 0:02:02]}
Rb2 {[%clk 0:03:37]} 90. Ra1+ {[%clk 0:01:39]} Ra2 {[%clk 0:03:57]} 91. Rh1
{[%clk 0:01:57]} Rb2 {[%clk 0:04:15]} 92. Rh8 {[%clk 0:01:59]} Rb4+ {[%clk
0:04:10]} 93. Kc3 {[%clk 0:02:17]} Rb3+ {[%clk 0:04:02]} 94. Kc2 {[%clk 0:02:25]}
Rb2+ {[%clk 0:04:14]} 95. Kc1 {[%clk 0:02:50]} Rf2 {[%clk 0:03:58]} 96. Rb8
{[%clk 0:02:45]} Rh2 {[%clk 0:04:02]} 97. Bc2 {[%clk 0:02:39]} Rh1+ {[%clk
0:03:51]} 98. Bd1 {[%clk 0:02:34]} Rg1 {[%clk 0:03:35]} 99. Rb3+ {[%clk 0:02:16]}
Ka2 {[%clk 0:03:39]} 100. Re3 {[%clk 0:02:00]} Rg7 {[%clk 0:02:50]} 101. Rh3
{[%clk 0:01:14]} Rg1 {[%clk 0:02:37]} 102. Rh4 {[%clk 0:01:05]} Rg3 {[%clk
0:02:33]} 103. Rb4 {[%clk 0:01:11]} Rh3 {[%clk 0:01:18]} 104. Ra4+ {[%clk
0:01:02]} Ra3 {[%clk 0:01:40]} 105. Rb4 {[%clk 0:00:52]} Rg3 {[%clk 0:01:37]}
106. Re4 {[%clk 0:00:56]} Rh3 {[%clk 0:01:23]} 107. Kc2 {[%clk 0:01:12]} Rg3
{[%clk 0:01:01]} 108. Ra4+ {[%clk 0:01:07]} Ra3 {[%clk 0:01:25]} 109. Rb4 {[%clk
0:01:30]} Rg3 {[%clk 0:01:45]} 110. Be2 {[%clk 0:01:31]} Rh3 {[%clk 0:01:17]}
111. Rb1 {[%clk 0:00:49]} Rg3 {[%clk 0:01:20]} 112. Rb4 {[%clk 0:00:41]} Ka3
{[%clk 0:01:09]} 113. Rf4 {[%clk 0:00:48]} Re3 {[%clk 0:01:16]} 114. Bb5 {[%clk
0:00:51]} Ka2 {[%clk 0:01:01]} 115. Ra4+ {[%clk 0:01:19]} Ra3 116. Bc4+ {[%clk
0:00:20]} 1/2-1/2

[Event "Irena Warakomska Memorial A"]
[Site "Suwalki"]
[Date "2020.08.13"]
[Round "9"]
[White "Gumularz, Szymon"]
[Black "Deruelle Sala, Albert"]
[Result "1-0"]
[Board "1"]
[WhiteElo "2506"]
[WhiteTitle "IM"]
[WhiteCountry "POL"]
[WhiteFideId "1188062"]
[WhiteEloChange "1"]
[BlackElo "2086"]
[BlackCountry "ESP"]
[BlackFideId "2261995"]
[BlackEloChange "-2"]

1. d4 {[%clk 1:30:30]} f5 {[%clk 1:30:50]} 2. Nc3 {[%clk 1:31:01]} Nf6 {[%clk
1:30:53]} 3. Bg5 {[%clk 1:31:25]} d5 {[%clk 1:31:17]} 4. e3 {[%clk 1:31:48]} e6
{[%clk 1:31:16]} 5. Nf3 {[%clk 1:32:13]} a6 {[%clk 1:30:52]} 6. g4 {[%clk
1:22:02]} fxg4 {[%clk 1:24:06]} 7. Ne5 {[%clk 1:22:25]} Nc6 {[%clk 1:24:20]} 8.
h3 {[%clk 1:12:49]} g3 {[%clk 1:21:47]} 9. f4 {[%clk 1:11:32]} g2 {[%clk
1:20:45]} 10. Bxg2 {[%clk 1:11:33]} Be7 {[%clk 1:21:04]} 11. Qe2 {[%clk 1:09:46]}
Bd7 {[%clk 1:18:29]} 12. O-O-O {[%clk 1:07:00]} b5 {[%clk 1:13:25]} 13. e4 {[%clk
1:03:34]} b4 {[%clk 1:11:39]} 14. exd5 {[%clk 0:48:17]} bxc3 {[%clk 1:02:04]} 15.
dxc6 {[%clk 0:25:18]} Bc8 {[%clk 1:00:29]} 16. Nd7 {[%clk 0:22:17]} Bxd7 {[%clk
0:30:07]} 17. cxd7+ {[%clk 0:22:21]} Kf7 {[%clk 0:30:36]} 18. d5 {[%clk 0:14:42]}
Ba3 {[%clk 0:28:18]} 19. Qxe6+ {[%clk 0:12:38]} Kf8 {[%clk 0:28:43]} 20. bxa3
{[%clk 0:12:48]} Rb8 {[%clk 0:23:44]} 21. d6 {[%clk 0:12:29]} 1-0